[Event "North American-ch U20"]
[Site "Kitchener"]
[Date "2014.08.01"]
[Round "4.17"]
[White "Cai, Jason"]
[Black "Li, Yinshi"]
[Result "0-1"]
[WhiteElo "1850"]
[BlackElo "1928"]
[PlyCount "60"]
[EventDate "2014.07.31"]
[EventType "swiss"]
[EventRounds "9"]
[EventCountry "CAN"]
[SourceTitle "EXT 2022"]
[Source "ChessBase"]
[SourceDate "2021.10.06"]
[SourceVersion "1"]
[SourceVersionDate "2021.10.06"]
[SourceQuality "1"]

1. e4 e6 2. d4 d5 3. Nd2 Nf6 4. e5 Nfd7 5. Bd3 c5 6. c3 Nc6 7. Ngf3 Be7 8. 0-0 g5 9. dxc5 g4 10. Nd4 Ndxe5 11. Bb5 Bd7 12. N2b3 h5 13. Re1 Ng6 14. f4 gxf3 15. Nxf3 Qc7 16. Be3 0-0-0 17. Bxc6 bxc6 18. Qd3 Rdg8 19. Bf2 h4 20. Rad1 Nf4 21. Qa6+ Kb8 22. Kh1 Rxg2 23. Bd4 f6 24. Ne5 Qc8 25. Nxd7+ Qxd7 26. Na5 e5 27. Rxe5 Rxh2+ 28. Kg1 Qg4+ 29. Kf1 Qg2+ 30. Ke1 Rh1+ 0-1

[Event "CAN-ch U14"]
[Site "Ottawa"]
[Date "2013.07.11"]
[Round "3"]
[White "Kuttner, Simon"]
[Black "Li, Yinshi"]
[Result "1/2-1/2"]
[WhiteElo "1877"]
[BlackElo "2081"]
[PlyCount "42"]
[EventDate "2013.07.10"]
[EventType "swiss"]
[EventRounds "6"]
[EventCountry "CAN"]
[SourceTitle "EXT 2022"]
[Source "ChessBase"]
[SourceDate "2021.10.06"]
[SourceVersion "1"]
[SourceVersionDate "2021.10.06"]
[SourceQuality "1"]

1. e4 e6 2. d4 d5 3. exd5 exd5 4. Nf3 Bd6 5. Bd3 Nf6 6. 0-0 0-0 7. Bg5 Bg4 8. Nbd2 c6 9. c3 Nbd7 10. Qc2 Re8 11. Bxh7+ Kh8 12. Bd3 Qc7 13. Rfe1 Bf4 14. Bxf4 Qxf4 15. h3 Bxf3 16. Nxf3 Ne4 17. Re2 Re6 18. Rae1 Rae8 19. Qc1 Qf6 20. Bxe4 Rxe4 21. Re3 R8e7 1/2-1/2

[Event "CAN-ch U14"]
[Site "Ottawa"]
[Date "2013.07.11"]
[Round "4"]
[White "Li, Yinshi"]
[Black "Yu, Wenlu"]
[Result "0-1"]
[WhiteElo "2081"]
[BlackElo "2032"]
[PlyCount "124"]
[EventDate "2013.07.10"]
[EventType "swiss"]
[EventRounds "6"]
[EventCountry "CAN"]
[SourceTitle "EXT 2022"]
[Source "ChessBase"]
[SourceDate "2021.10.06"]
[SourceVersion "1"]
[SourceVersionDate "2021.10.06"]
[SourceQuality "1"]

1. d4 Nf6 2. c4 g6 3. Nc3 d5 4. cxd5 Nxd5 5. g3 Bg7 6. Bg2 Nb6 7. e3 0-0 8. Nge2 c6 9. 0-0 N8d7 10. b3 Nf6 11. Bb2 a5 12. Qc2 Nfd5 13. a3 Bg4 14. Rfc1 Bxe2 15. Qxe2 e6 16. Ne4 Nd7 17. Rc2 Qe7 18. Nc5 Nxc5 19. Rxc5 a4 20. b4 Rfd8 21. Rd1 Nc7 22. Qc2 Bf8 23. Qe4 Qf6 24. Rcc1 Nb5 25. Qf3 Qg7 26. Bf1 Nd6 27. Rc2 Qh6 28. Bg2 f5 29. Qe2 g5 30. h3 Qg6 31. Rdc1 h5 32. Kh2 Rd7 33. Rh1 Rf7 34. Bc1 Be7 35. Qd3 Raf8 36. Re2 Ne4 37. Bxe4 fxe4 38. Qc2 Qf5 39. Qd1 Bd6 40. Qg1 Qf3 41. Rc2 h4 42. Qg2 Qxf2 43. Rxf2 Rxf2 44. Rg1 Bxg3+ 45. Kh1 Rxg2 46. Rxg2 Rf1+ 47. Rg1 Rxg1+ 48. Kxg1 Kf7 49. Bb2 Ke7 50. Kf1 Kd6 51. Ke2 Kd5 52. Bc1 Kc4 53. Bd2 e5 54. Bc1 exd4 55. exd4 Kxd4 56. Bxg5 Kc3 57. Be7 b5 58. Bg5 Kb3 59. Bc1 Be5 60. Ke3 Bb2 61. Bd2 Bxa3 62. Kxe4 Bxb4 0-1

[Event "CAN-ch U14"]
[Site "Vancouver"]
[Date "2012.07.05"]
[Round "6"]
[White "Li, Yinshi"]
[Black "Plotkin, Mark"]
[Result "1-0"]
[WhiteElo "1857"]
[BlackElo "1976"]
[PlyCount "123"]
[EventDate "2012.07.03"]
[EventType "swiss"]
[EventRounds "7"]
[EventCountry "CAN"]
[SourceTitle "EXT 2022"]
[Source "ChessBase"]
[SourceDate "2021.10.06"]
[SourceVersion "1"]
[SourceVersionDate "2021.10.06"]
[SourceQuality "1"]

1. d4 Nf6 2. c4 g6 3. Nc3 d5 4. cxd5 Nxd5 5. g3 Bg7 6. Bg2 Nxc3 7. bxc3 0-0 8. e3 c5 9. Ne2 Nc6 10. 0-0 cxd4 11. cxd4 e5 12. Ba3 Re8 13. d5 Na5 14. Rc1 Bd7 15. Qd2 Bb5 16. Rfe1 Nc4 17. Qb4 Nxa3 18. Qxa3 Bf8 19. Qb3 Ba6 20. Nc3 Bd6 21. Ne4 Qe7 22. Nxd6 Qxd6 23. e4 Rac8 24. Bh3 Rc5 25. Rc3 Re7 26. Rec1 Rec7 27. Bg4 Qe7 28. Kg2 Qd6 29. Kg1 h5 30. Bf3 b6 31. Kg2 Kh7 32. Bd1 h4 33. Bg4 Bb7 34. Rxc5 Rxc5 35. Rxc5 Qxc5 36. Qa4 b5 37. Qa5 f5 38. Qd8 fxg4 39. Qd7+ Kh6 40. Qxb7 h3+ 41. Kf1 Qc2 42. Ke1 Qxe4+ 43. Kd2 Qf3 44. Qxa7 Qxd5+ 45. Ke2 Qe4+ 46. Kd2 Qf3 47. Qe3+ g5 48. Qxf3 gxf3 49. Ke3 Kg6 50. Kxf3 Kf5 51. g4+ Ke6 52. Ke4 b4 53. f3 Kd6 54. Kf5 Kd5 55. Kxg5 e4 56. fxe4+ Kxe4 57. Kh4 Kd3 58. g5 Kc2 59. g6 Kb2 60. g7 Ka1 61. g8Q b3 62. axb3 1-0

[Event "CAN-ch U14"]
[Site "Vancouver"]
[Date "2012.07.04"]
[Round "4"]
[White "Herdin, Matthew"]
[Black "Li, Yinshi"]
[Result "1/2-1/2"]
[WhiteElo "1923"]
[BlackElo "1857"]
[PlyCount "56"]
[EventDate "2012.07.03"]
[EventType "swiss"]
[EventRounds "7"]
[EventCountry "CAN"]
[SourceTitle "EXT 2022"]
[Source "ChessBase"]
[SourceDate "2021.10.06"]
[SourceVersion "1"]
[SourceVersionDate "2021.10.06"]
[SourceQuality "1"]

1. e4 e6 2. d4 d5 3. exd5 exd5 4. Bd3 Bd6 5. Nf3 Nc6 6. 0-0 Nge7 7. c3 Bg4 8. h3 Bf5 9. Be3 Qd7 10. Re1 0-0-0 11. Na3 a6 12. Nc2 f6 13. b4 Bxd3 14. Qxd3 Qf5 15. Qxf5+ Nxf5 16. g4 Nfe7 17. Bd2 Ng6 18. Re2 Rhe8 19. Rae1 Kd7 20. h4 Nf4 21. Bxf4 Bxf4 22. Ne3 Bxe3 23. Rxe3 Rxe3 24. Rxe3 Re8 25. Rxe8 Kxe8 26. Kg2 Na7 27. a4 Nc8 28. Nd2 Nd6 1/2-1/2

[Event "CAN-ch U14"]
[Site "Vancouver"]
[Date "2012.07.03"]
[Round "1"]
[White "Li, Yinshi"]
[Black "Huneault, Nicholas"]
[Result "1-0"]
[WhiteElo "1857"]
[BlackElo "1164"]
[PlyCount "57"]
[EventDate "2012.07.03"]
[EventType "swiss"]
[EventRounds "7"]
[EventCountry "CAN"]
[SourceTitle "EXT 2022"]
[Source "ChessBase"]
[SourceDate "2021.10.06"]
[SourceVersion "1"]
[SourceVersionDate "2021.10.06"]
[SourceQuality "1"]

1. d4 d5 2. c4 Nf6 3. Nc3 Bf5 4. Bg5 e6 5. Qb3 Be7 6. Qxb7 Nbd7 7. Qc6 dxc4 8. e4 Bxe4 9. Nxe4 Nxe4 10. Bxe7 Qxe7 11. Qxa8+ Qd8 12. Qxe4 0-0 13. Bxc4 e5 14. Nf3 exd4 15. 0-0 Nc5 16. Qxd4 Qe7 17. Rfe1 Ne4 18. Qxe4 Qxe4 19. Rxe4 h6 20. Rae1 g5 21. Re8 Rxe8 22. Rxe8+ Kg7 23. Re7 h5 24. Rxf7+ Kg6 25. Ne5+ Kh6 26. Bd3 g4 27. f4 gxf3 28. Nxf3 h4 29. Rh7# 1-0

[Event "Scarborough CC-ch Reserves"]
[Site "Toronto"]
[Date "2012.05.03"]
[Round "7"]
[White "Verde, Pino"]
[Black "Li, Yinshi"]
[Result "1-0"]
[WhiteElo "1568"]
[BlackElo "1777"]
[PlyCount "81"]
[EventDate "2012.03.22"]
[EventType "swiss"]
[EventRounds "9"]
[EventCountry "CAN"]
[SourceTitle "EXT 2022"]
[Source "ChessBase"]
[SourceDate "2021.10.06"]
[SourceVersion "1"]
[SourceVersionDate "2021.10.06"]
[SourceQuality "1"]

1. d3 e5 2. Nf3 Nc6 3. g3 d5 4. Nbd2 Be6 5. Bg2 Bc5 6. c3 f6 7. a4 a5 8. h4 Nge7 9. Qb3 Bb6 10. Qa3 0-0 11. b4 axb4 12. cxb4 Nf5 13. Bb2 Qe7 14. b5 Bc5 15. Qc3 Ncd4 16. Rc1 b6 17. e3 Nxf3+ 18. Bxf3 Rxa4 19. g4 Nd6 20. Qc2 Rfa8 21. g5 Nxb5 22. gxf6 Qxf6 23. h5 Ba3 24. Ra1 R4a5 25. Qc6 Bf7 26. Bxd5 Bxb2 27. Rxa5 Qxc6 28. Rxa8+ Qxa8 29. Bxa8 c5 30. Kd1 Nd6 31. Kc2 Ba3 32. Ra1 Bb4 33. h6 gxh6 34. e4 Nb5 35. Nf3 Bc3 36. Rg1+ Kf8 37. Nh4 Bd4 38. Nf5 Bxf2 39. Rf1 Nd4+ 40. Nxd4 Bxd4 41. Bd5 1-0

[Event "Scarborough CC-ch Reserves"]
[Site "Toronto"]
[Date "2012.04.26"]
[Round "6"]
[White "Li, Yinshi"]
[Black "Wajdy, Shebetah"]
[Result "1/2-1/2"]
[WhiteElo "1777"]
[BlackElo "2071"]
[PlyCount "79"]
[EventDate "2012.03.22"]
[EventType "swiss"]
[EventRounds "9"]
[EventCountry "CAN"]
[SourceTitle "EXT 2022"]
[Source "ChessBase"]
[SourceDate "2021.10.06"]
[SourceVersion "1"]
[SourceVersionDate "2021.10.06"]
[SourceQuality "1"]

1. d4 e6 2. c4 f5 3. Nc3 Nf6 4. e3 d5 5. Bd3 c6 6. Nge2 Bd6 7. Bd2 0-0 8. Qc2 Ne4 9. 0-0 Rf6 10. f3 Nxc3 11. bxc3 Nd7 12. e4 fxe4 13. fxe4 Rxf1+ 14. Rxf1 dxe4 15. Bxe4 Nf6 16. Bg5 Qc7 17. Bxf6 gxf6 18. Rxf6 Bxh2+ 19. Kh1 Qg7 20. Bxh7+ Kh8 21. Qg6 Qxg6 22. Bxg6 Kg7 23. Rf3 Bd6 24. Bh5 b6 25. Ng3 Ba6 26. Ne4 Ba3 27. Rg3+ Kf8 28. Be2 Kf7 29. Kg1 Rh8 30. Rh3 Rg8 31. Rh7+ Rg7 32. Ng5+ Kf6 33. Rxg7 Kxg7 34. Nxe6+ Kf6 35. Nd8 c5 36. Nc6 Bb2 37. dxc5 bxc5 38. Kf2 Bxc3 39. Nxa7 Ke5 40. Nb5 1/2-1/2

[Event "Scarborough CC-ch Reserves"]
[Site "Toronto"]
[Date "2012.04.05"]
[Round "3"]
[White "Li, Yinshi"]
[Black "Crnilovic, Grisha"]
[Result "1-0"]
[WhiteElo "1777"]
[BlackElo "1558"]
[PlyCount "27"]
[EventDate "2012.03.22"]
[EventType "swiss"]
[EventRounds "9"]
[EventCountry "CAN"]
[SourceTitle "EXT 2022"]
[Source "ChessBase"]
[SourceDate "2021.10.06"]
[SourceVersion "1"]
[SourceVersionDate "2021.10.06"]
[SourceQuality "1"]

1. d4 e5 2. dxe5 Nc6 3. Nf3 Qe7 4. g3 Nxe5 5. Nxe5 Qxe5 6. Bg2 c6 7. Nc3 d5 8. 0-0 Qh5 9. e4 Bg4 10. Qd4 Bf3 11. exd5 cxd5 12. Bxf3 Qxf3 13. Nxd5 0-0-0 14. Qc4+ 1-0